Regesto ibérico de Calixto III

I tiakina i:
Ngā taipitopito rārangi puna kōrero
Kaituhi matua: Rius Serra, José (Author)
Hōputu: Pukapuka
Reo:Pāniora
I whakaputaina: Barcelona Escuela de Estudios Medievales 1948
Rangatū:Textos, 10
Ngā marau:
Ngā Tūtohu: Tāpirihia he Tūtohu
Kāore He Tūtohu, Me noho koe te mea tuatahi ki te tūtohu i tēnei pūkete!

MARC

LEADER 00000nam a2200000 a 4500
001 UCP4632
003 CL-VaPUC
008 990806e19480000SP |||||||||||||||||spa|d
082 0 4 |a 262.91  |b RIU  |2 21 
100 0 |a Rius Serra, José  |e author  |9 432216 
245 1 0 |a Regesto ibérico de Calixto III 
300 |a v 
942 |c BK 
945 |d 19990806 00:00:00  |a crobeson 
260 |a Barcelona  |b Escuela de Estudios Medievales  |c 1948 
500 |a v.1: 4 abril 1455 - 19 febrero 1456 
600 0 7 |a CALIXTO III  |2 CL-VaPUC  |9 432217 
650 7 |a BULAS PONTIFICIAS  |2 CL-VaPUC  |9 325689 
650 0 |a Documentos pontificios   |9 255642 
650 7 |a DERECHO CANONICO  |2 CL-VaPUC  |9 432218 
650 7 |a HISTORIA ECLESIASTICA  |2 CL-VaPUC  |9 432219 
583 |a last modification  |c 19990806 00:00:00  |k Rodrigo Vera 
490 0 |a Textos, 10 
999 |c 282539  |d 282537 
952 |0 0  |1 0  |4 0  |6 262_910000000000000_RIU_1948  |7 0  |8 X  |9 324381  |a BIBHIS  |b BIBHIS  |d 2019-11-20  |h v.1  |i 1355112  |o 262.91 RIU 1948  |p 1355112  |r 2024-01-30  |w 2019-11-20  |y BK_X  |k HIS